000 00622nam a22002297a 4500
005 20170124110119.0
010 _a772452
020 _c00.00
_a0340179244
035 _a772452
037 _bCen Lib/Ret
040 _aDPL
_bEN
082 _aN
_bHIL
100 _aHildick, E.W.
_930407
245 _aDolls in danger :
_cby E.W. Hildick; illustrated by Val Biro
260 _aLeiccester
_bBrockhampton Press
_c1974
270 _bLeiccester
_asalisbaury road
300 _a87p.
_c19cm(Hb)
650 _aLiterature
_96262
650 _aNovel
_922513
700 _aBiro, Val
_930408
942 _2ddc
_cEN
_hN
_mHIL
999 _c130915
_d130915